Supernatural Season 13 Quiz - Statistics

General Stats
  • This quiz has been taken 108 times
    91 since last reset
  • The average score is 18 of 32
Answer Stats
Hint Answer % Correct
Who do the boys, including Jack, have a funeral for at the end of "Lost and Found"? Castiel
85%
What archangel returns in "Devil's Bargain"? Gabriel
83%
What fiery ginger is back from the dead and helping the Winchesters in "Various and Sundry Villians"? Rowena
78%
What six women team up to help save Sam and Dean in "Wayward Sisters"? Jody, Donna, Claire, Alex, Patience, and Kaia
76%
Where does Cas wake up in in "The Big Empty"? The Empty
75%
Who possesses Dean after the battle? Michael
73%
Who fights in the season finale? Michael and Lucifer
73%
Who kisses Sam in that episode? Velma
71%
Which of the women listed above ask Sam and Dean for help in "Breakdown"? Donna
69%
Which one dies? Lucifer
69%
What psychic from season one returns with a granddaughter in "Patience"? Missouri Mosely
69%
What witch are Sam and Dean once again trying to stop in "Funeralia"? Rowena
69%
With Crowley dead and Lucifer in an alternate universe, who takes over Hell? Asmodeus
68%
Who do Mary and Jack find an ally in after escaping from Michael in "Good Intentions"? Bobby Singer
66%
What is the name of the episode where Sam, Dean, and Castiel get transported into a popular cartoon? Scoobynatural
64%
Who brings Sam back to life in "Beat the Devil"? Lucifer
61%
Where do Sam and Dean bring back the alternate universe people to in "Exodus"? The Bunker
61%
What is the name of the dream catcher Jack enlists to help find Mary? Kaia Nieves
59%
Who rules over heaven in "Bring 'Em Back Alive"? Lucifer
59%
Who does Ketch claim to be in "War of the Worlds"? His twin Alexander
56%
Where do Sam and Dean get transported to at the end of "The Bad Place"? The Bad Place
51%
Who are Sam and Dean still trying to track down in "The Scorpion and the Frog"? Jack
49%
Who returns for the last shot of "Advanced Thanatology"? Castiel
46%
Finish the Quote: "No Sam it's a ______. It tastes like a ______" Lizard
42%
What are Sam and Dean looking for in "A Man Most Holy"? Blood
39%
Finish the Quote: "Dean. You're not a talking ___" Dog
36%
What is the name of the episode where Dean becomes immersed in a cowboy fantasy world on a hunt? Tombstone
31%
Finish the Quote: "Let me get this right: the ice caps are melting, a movie where a girl goes all the way with a fish wins Best Picture, and that damn fool idjit from ______________ is president... And you call where we come from 'Apocalypse World'" The Apprentice
29%
Finish the Quote: "I'm on a chair, on the floor, on the ____________" Planet Earth
25%
What god returns in "Unfinished Business"? Loki
24%
Finish the Quote: "Honey, you're not _______. My ex-husband's _______" Lucifer
22%
What era is the woman found in the deserted bunker from in "The Thing"? 1920s
8%
No matching quizzes found
Score Distribution
Percent of People with Each Score
Percentile by Number Answered
Your Score History
You have not taken this quiz since the last reset